| 000 | 02335nam a22003377a 4500 | ||
|---|---|---|---|
| 999 |
_c57286 _d57286 |
||
| 003 | Ge_BSU | ||
| 005 | 20200210161234.0 | ||
| 008 | 200207s2019 xxu||||| |||| 00| 0 geo d | ||
| 020 | _a9789941488030 | ||
| 041 | _ageo | ||
| 080 | _a378.4(479.223) (063)ს90 | ||
| 245 |
_aსტუდენტური საუნივერსიტეტო სამეცნიერო კონფერენციის ნაშრომთა კრებული : _bმაისი 25-26 2018 წელი / _cრედ. მამია ფაღავა ; სარედ.კოლეგ. მარინე გიორგაძე ; ვლადიმერ ღლონტი ; მარინა ქორიძე ; [და სხვ]. |
||
| 264 |
_aბათუმი : _bბათუმის შოთა რუსთაველის სახელმწიფო უნ-ტი, _c2019. |
||
| 300 |
_a571 გვ.: _c24 სმ. |
||
| 653 | _a ბათუმის შოთა რუსთაველის სახელმწიფო უნივერსიტეტის სტუდენთთა სამეცნიერო შრომების კრებული | ||
| 653 | _aეკონომიკა | ||
| 653 | _aსამართალმცოდნეობა | ||
| 653 | _aპოლიტიკური და სოციალური მეცნიერება | ||
| 653 | _aსაბუნებისმეტყველო | ||
| 653 | _aმედიცინა | ||
| 653 | _aგეოგრაფია | ||
| 653 | _aაგრალური | ||
| 653 | _aზუსტ მეცნიერება | ||
| 653 | _aისტორია | ||
| 700 |
_aფაღავა, მამია _eრედაქტორი _96859 |
||
| 700 |
_aგიორგაძე, მარინე _eსარედაქციო კოლეგია _96860 |
||
| 700 |
_aღლონტი, ვლადიმერ _eსარედაქციო კოლეგია _9907 |
||
| 700 |
_a ქორიძე, მარინა _eსარედაქციო კოლეგია _96861 |
||
| 710 |
_eბათუმის შოთა რუსთაველის სახელმწიფო უნივერსიტეტი _96862 |
||
| 942 |
_2udc _cBK |
||